00337nam a2200133Ia 4500008004100000020001800041041000800059082001500067100001700082245005700099260002800156300000900184500001000193220803s9999 xx 000 0 und d a9783836557399 aeng a776.22 ING aIngels B Ed. aHot To Cold : An Odyssey Of Architectural Adaptation aNew YorkbTaschenc2021 a712p aDIGIT